书目信息 |
| 题名: |
中外建筑史
|
|
| 作者: | 杜异卉 , 赵月苑 主编 | |
| 分册: | ||
| 出版信息: | 武汉 华中科技大学出版社 2025.06 |
|
| 页数: | 168页 | |
| 开本: | 29cm | |
| 丛书名: | ||
| 单 册: | ||
| 中图分类: | TU-091 | |
| 科图分类: | ||
| 主题词: | 建筑史--jian zhu shi--世界--高等学校--教材 | |
| 电子资源: | ||
| ISBN: | 978-7-5772-1655-3 | |
| 000 | 01223nam0 2200301 450 | |
| 001 | 95594 | |
| 005 | 20250902172526.93 | |
| 010 | @a978-7-5772-1655-3@dCNY58.00 | |
| 100 | @a20250811d2025 em y0chiy50 ea | |
| 101 | 0 | @achi |
| 102 | @aCN@b420000 | |
| 105 | @aa a 000yy | |
| 106 | @ar | |
| 200 | 1 | @a中外建筑史@Azhong wai jian zhu shi@d= History of Chinese and foreign architecture@f主编杜异卉, 赵月苑@zeng |
| 205 | @a第2版 | |
| 210 | @a武汉@c华中科技大学出版社@d2025.06 | |
| 215 | @a168页@c图 (部分彩图)@d29cm | |
| 300 | @a设计类专业新形态教材 | |
| 320 | @a有书目 (第167页) | |
| 330 | @a本书以教材为纲, 使学生通过理论学习认识到古今中外建筑的形式结构及演变规律, 认识到不同历史条件下建筑的主要社会功能。学生可以从建筑发展的历史进程中学习中外各民族的文化内涵和艺术精髓。前辈的建筑艺术成就也可以进一步指导学生们今后的建筑设计与创作, 为设计思维开拓更为广阔的领域。 | |
| 333 | @a普通高等学校“十四五”规划 | |
| 510 | 1 | @aHistory of Chinese and foreign architecture@zeng |
| 606 | 0 | @a建筑史@Ajian zhu shi@y世界@x高等学校@j教材 |
| 690 | @aTU-091@v5 | |
| 701 | 0 | @a杜异卉@Adu yi hui@4主编 |
| 701 | 0 | @a赵月苑@Azhao yue yuan@4主编 |
| 801 | 0 | @aCN@c20250909 |
| 905 | @a河南城建学院图书馆@dTU-091@eD880=2@f1 | |
| 中外建筑史= History of Chinese and foreign architecture/主编杜异卉, 赵月苑.-第2版.-武汉:华中科技大学出版社,2025.06 |
| 168页:图 (部分彩图);29cm |
| 设计类专业新形态教材.-使用对象:普通高等学校“十四五”规划 |
| ISBN 978-7-5772-1655-3:CNY58.00 |
| 本书以教材为纲, 使学生通过理论学习认识到古今中外建筑的形式结构及演变规律, 认识到不同历史条件下建筑的主要社会功能。学生可以从建筑发展的历史进程中学习中外各民族的文化内涵和艺术精髓。前辈的建筑艺术成就也可以进一步指导学生们今后的建筑设计与创作, 为设计思维开拓更为广阔的领域。 |
| ● |
| 相关链接 |
|
|
|
正题名:中外建筑史
索取号:TU-091/D880=2
 
预约/预借
| 序号 | 登录号 | 条形码 | 馆藏地/架位号 | 状态 | 备注 |
| 1 | 1629652 | 216296522 | 建筑库101/101建筑库 4排1列1层/ [索取号:TU-091/D880=2] | 在馆 |